000 00386nam a2200133Ia 4500
008 230917s9999||||xx |||||||||||||| ||und||
040 _e199968
_aMAIN
041 _aEnglish
082 _a616.89142 D847W
100 _aDryden, Windy
245 0 _aWorking with resistance in rational emotive behaviour therapy: A practitioner's guide
260 _aLondon
_bRoutledge
_c2011
942 _cBK
999 _c160230
_d160230